Engineering Circuit Analysis (Record no. 3197)

MARC details
005 - DATE AND TIME OF LATEST TRANSACTION
control field 20250623112635.0
020 ## - INTERNATIONAL STANDARD BOOK NUMBER
International Standard Book Number 0-07-027410-X
082 ## - DEWEY DECIMAL CLASSIFICATION NUMBER
Classification number LM 621.319 HAY
100 ## - MAIN ENTRY--PERSONAL NAME
Author name HAYT, W.H.
245 ## - TITLE STATEMENT
Title Engineering Circuit Analysis
250 ## - EDITION STATEMENT
Edition statement 5th Ed.
260 ## - PUBLICATION, DISTRIBUTION, ETC.
Place of publication, distribution, etc. New York
Name of publisher, distributor, etc. McGraw-Hill, INC.
Date of publication, distribution, etc. 1993
300 ## - PHYSICAL DESCRIPTION
Extent xx,706p.: ill.; figure.
Other physical details Index
Dimensions 26cm.
700 ## - ADDED ENTRY--PERSONAL NAME
Other authors/Editors KEMMERLY, J. E.
942 ## - ADDED ENTRY ELEMENTS (KOHA)
Source of classification or shelving scheme Dewey Decimal Classification
Koha item type Books
Holdings
Date last seen Total checkouts Full call number Barcode Cost, replacement price Price effective from Koha item type Lost status Source of classification or shelving scheme Damaged status Not for loan Withdrawn status Home library Current library Shelving location Date acquired Cost, normal purchase price
06/05/2025   LM 621.319 HAY 00000010780 150000.00 06/05/2025 Books   Dewey Decimal Classification       College of Business Education Main Library College of Business Education Main Library General Collection 10/08/2002 50000.00
06/05/2025   LM 621.319 HAY 00000010781 150000.00 06/05/2025 Books   Dewey Decimal Classification       College of Business Education Main Library College of Business Education Main Library General Collection 10/08/2002 50000.00
06/05/2025   LM 621.319 HAY 00000010782 150000.00 06/05/2025 Books   Dewey Decimal Classification       College of Business Education Main Library College of Business Education Main Library General Collection 10/08/2002 50000.00